000 00365nam a2200145 i 4500
001 bg
100 1 _aKLEPACZKO, J.
245 0 _aFracture toughness of some aluminium /
_cJ. Klepaczko, A. Andrzejewski.
260 _aWarszawa,
_c1979.
700 1 _aANDRZEJEWSKI, A.
040 _cBPK
041 _apol
942 _cKS
008 s pl f |000 0 pol
999 _c21299
_d21299
856 _uhttp://koha.tu.koszalin.pl/cgi-bin/koha/opac-detail.pl?biblionumber=21299
_yKatalog online BPK